000 00472ntaaa2200193 4500
003 01
005 20251027201843.0
008 0714s1973 ag 01
040 _aAR-BaBN
_bspa
_cAR-BaBN
_eaacr
_dRIC
082 _a248.1000 B67
100 _aBowen, W.A.
_917009
245 _aGod's wealth and ours
250 _a1 ed.
260 _aAustin, Texas :
_bGannaway Printing Company,
_cc1953
300 _a72 p
650 _amayordomía
650 _adiezmo
_94633
942 _cBK
999 _c13199
_d13199